| 000 | 00566nam a2200169 4500 | ||
|---|---|---|---|
| 001 | 107220 | ||
| 003 | ES-MaACL | ||
| 007 | t| | ||
| 008 | 061121s1984 sp r ||||1| spa d | ||
| 100 | 1 |
_aMorishima, Michio. _983578 |
|
| 245 | 1 | 0 |
_aPor qué ha `Triunfado` el Japón _b: tecnología occidental y mentalidad japonesa / _cMichio Morishima; traducción de José Antonio Bravo. |
| 260 |
_aBarcelona : _bCrítica, _c1984. |
||
| 300 |
_a257 p. ; _c20 cm. |
||
| 700 |
_aBravo, José Antonio _9198639 |
||
| 852 |
_aES-MaACL _jL-8045 _bR.107703 |
||
| 999 |
_c107220 _d107220 |
||